书目信息 |
| 题名: |
文明论概略
|
|
| 作者: | ;北京编译社 译 | |
| 分册: | ||
| 出版信息: | 北京 商务印书馆 1960.04 |
|
| 页数: | 206页 | |
| 开本: | 20cm | |
| 丛书名: | ||
| 单 册: | ||
| 中图分类: | B313.4 | |
| 科图分类: | ||
| 主题词: | ||
| 电子资源: | ||
| ISBN: | 978-7-100-01303-1 | |
| 000 | 00543nam0 2200169 45 | |
| 001 | 2440160225 | |
| 005 | 20241202111218.53 | |
| 010 | @a978-7-100-01303-1@dCNY21.00 | |
| 100 | @a19990804d1960 km y0chiy0120 ea | |
| 101 | 0 | @achi |
| 200 | 1 | @AWEN MING LUN GAI LUE@F(Ri)Fu Ze Yu Ji Zhu;Bei Jing Bian Yi She Yi@a文明论概略@f(日)福泽谕吉著;北京编译社译 |
| 210 | @a北京@c商务印书馆@d1960.04 | |
| 215 | @a206页@c无图表@d20cm | |
| 690 | @aB313.4@v4 | |
| 712 | 02 | @a北京编译社@ABei Jing Bian Yi She@4译 |
| 801 | 0 | @b河南城建学院图书馆 |
| 905 | @dB313.4@eF358@f2 | |
| 文明论概略/(日)福泽谕吉著;北京编译社译.-北京:商务印书馆,1960.04 |
| 206页:无图表;20cm |
| ISBN 978-7-100-01303-1:CNY21.00 |
| ● |
| 相关链接 |
|
|
|
正题名:文明论概略
索取号:B313.4/F358
 
预约/预借
| 序号 | 登录号 | 条形码 | 馆藏地/架位号 | 状态 | 备注 |
| 1 | 0028664 | 200286644 | 社科库509/509社科库 16排2列1层/ [索取号:B313.4/F358] | 在馆 |